000 00323nam a22001457a 4500
008 210507b ||||| |||| 00| 0 eng d
020 _a9780691017884
041 _aeng
080 _a7
082 _a7
100 _a44
101 _aART
245 _aThe Nude a Study in the Ideal Form
_cKenneth Clark
942 _2udc
_cBK
999 _c57133
_d57133